00997 a2200205 45000010006000000050017000060080041000230030015000640400040000790800162001192450067002810200018003482640048003663000024004145050196004380410008006341000026006427000028006688560095006963758720260407155643.0260407a2004 arg spa dAR-UNSa-BCEJYS aAR-UNSa-BCEJYSbspacAR-UNSa-BCEJYS a51-7xEstudios y métodos matemáticos en otros campos del conocimiento. Matemáticas científicas. Matemáticas actuariales (Matemáticas Financieras)10aCálculo financieropejercicios, resultados con explicación a987-9164-94-6 1aBuenos Aires :bTemas Grupo Editorialc2004 avii, 358 p.c23 cm. a1. Tasas - 2. Leyes financieras; 3. Leyes financieras; 4. Operaciones con divisasa; 5. Rentas; 6. Evaluación de proyectos; 7. Evaluación de proyectos; 8. Bonos; 9. La curva de rendimiento aspa1 aRosiello, Juan Carlos1 aCiuffo, Néstor Carlos41uhttps://biblioeco.unsa.edu.ar/pmb/images/libros/L125647.jpgyImagen de portadaqimage/jpeg